Ipod & itunes : portable genius

Bibliographic Details
Main Author: Hollington, Jesse David (Author)
Format: Book
Language:English
Published: Indianapolis, IN : Wiley Pub. , c2011
Edition:2nd ed.
Subjects:

MARC

LEADER 00000cam a2200000 7i4500
001 0000073521
005 20111012093000.0
008 110614s2011 inu eng
020 |a 047064351X 
020 |a 9780470643518(pbk.) 
050 0 0 |a ML74.4.I49   |b H65 2011 
090 0 0 |a ML74.4.I49   |b H65 2011 
100 1 |a Hollington, Jesse David ,   |e author 
245 1 0 |a Ipod & itunes :   |b portable genius   |c Jesse David Hollington 
250 |a 2nd ed. 
260 |a Indianapolis, IN :   |b Wiley Pub. ,   |c c2011 
300 |a xviii, 350 p. :   |b ill. (some col.) ;   |c 23 cm. 
500 |a Includes index 
505 0 |a 1. What do I really need to know about iTunes? -- 2. What do I need to know about purchasing content online? -- 3. How should I organize my content? -- 4. How do I play my content in iTunes? -- 5. How can I use playlists to manage my library? -- 6. How do I manage podcasts, audiobooks, and iTunes U content? -- 7. How do I manage the content on my iPod? -- 8. How do I get the most out of my iPod? -- 9. How do I get my own movies onto my iPod? -- 10. How do I get content from my iPod back to my computer? -- 11. How do I manage content on an Apple TV? -- 12. How do I manage a large iTunes library? -- 13. What can I do when I have problems with my iPod, iPhone, or iPad? -- 14. How do I use scripts to get more out of iTunes? 
650 0 |a Digital jukebox software 
650 0 |a iPod (Digital music player) 
999 |a 1000141515   |b Book   |c OPEN SHELF (30 DAYS)   |e Gong Badak Campus